Título en la letra de Estopa - Estadísticas

Estadísticas generales
  • Esta prueba ha sido intentada 163 veces
  • La puntuación promedio es 6 de 8
Estadísticas de respuestas
Hint Respuesta % Correcto
... __ ____, tu me rompes las entrañas, me trepas como una araña... Como Camarón
96%
...__ _ ___ _ _ ___ yo tuve un peñazo con un Seat Panda... Por La Raja De Tu Falda
96%
...fíjate un objetivo distinto, que soy como un __ ___, que si me tomas en frío engaño... Vino Tinto
93%
...un ____, hacia ningún lugar, damos un rodeo, y entramos en un bar... Paseo
84%
...entras _____ _ ___, invitando a la peña, invitando a cañas... Partiendo La Pana
69%
...tú eras flor desarropada y yo, el ____ que te arropa... Tu Calorro
65%
...pero si me dejas yo te canto una ________, no te voy a dejar ni un minuto a solas... Bossanova
32%
...en _ ____ __ puso su grano de arena Don Joaquín Sabina y Don Pancho Varona... Mi Primera Cana
20%
No se encontraron pruebas coincidentes
Distribución de puntuación
Porcentaje de gente con cada puntuación
Porcentaje por número respondido
Historial de tus puntuaciones
No has intentado esta prueba.